Administración de mercadeo: estrategias y programas

में बचाया:
ग्रंथसूची विवरण
मुख्य लेखकों: Guiltinan, Joseph P (लेखक), Paul, Gordon W (लेखक)
स्वरूप: पुस्तक
भाषा:स्पेनिश
प्रकाशित: Ciudad de México McGraw-Hill 1984
विषय:
टैग: टैग जोड़ें
कोई टैग नहीं, इस रिकॉर्ड को टैग करने वाले पहले व्यक्ति बनें!

MARC

LEADER 00000nam a2200000 a 4500
001 UCQ4766
003 CL-VaPUC
008 980910e19840000MX |||||||||||||||||spa|d
082 0 4 |a 658.8  |b GUI  |2 21 
100 |a Guiltinan, Joseph P  |e author  |9 420575 
700 0 |a Paul, Gordon W  |e author  |9 418958 
245 1 0 |a Administración de mercadeo: estrategias y programas 
300 |a 440 p 
942 |c BK 
945 |d 19980910 00:00:00  |a lriquelm 
260 |a Ciudad de México  |b McGraw-Hill  |c 1984 
650 0 |a Marketing  |9 259324 
650 0 |a Administración de empresas   |9 260833 
650 0 |a Comercio  |9 255341 
650 0 |a Mercados  |9 338624 
650 0 |a Publicidad  |9 314572 
650 0 |a Técnicas de venta  |9 338625 
650 0 |a Investigación de mercado  |9 332310 
583 |a last modification  |c 19980910 00:00:00  |k Rodrigo Vera 
999 |c 275068  |d 275066 
952 |0 0  |1 0  |4 0  |6 658_800000000000000_GUI_1984  |7 0  |8 A  |9 311606  |a BIBENE  |b BIBENE  |d 2019-11-20  |i 1467263  |o 658.8 GUI 1984  |p 1467263  |r 2025-01-15  |w 2019-11-20  |y BK  |k ICO